01405nam a2200349Ia 4500001001200000003000800012006001900020007001500039008004100054010001700095020001500112020001800127020001800145040002100163035002100184050002400205082001900229100001900248245010400267260005700371300003000428504005100458533015200509610005100661650003800712650006100750651005300811655002900864710001700893856012600910999001901036ebr10568029CaPaEBRm u cr cn|||||||||111128s2012 mauab sb 001 0 eng d z 2011048292 z0674048911 z9780674048911 z9780674065130 aCaPaEBRcCaPaEBR a(OCoLC)79400425614aD766.6b.S44 2012eb04a940.53/4972231 aShepherd, Ben.10aTerror in the Balkansh[electronic resource] :bGerman armies and partisan warfare /cBen Shepherd. aCambridge, Mass. :bHarvard University Press,c2012. avi, 342 p. :bill., maps. aIncludes bibliographical references and index. aElectronic reproduction.bPalo Alto, Calif. :cebrary,d2011.nAvailable via World Wide Web.nAccess may be limited to ebrary affiliated libraries.10aGermany.bHeerxHistoryyWorld War, 1939-1945. 0aWorld War, 1939-1945zYugoslavia. 0aWorld War, 1939-1945xUnderground movementszYugoslavia. 0aYugoslaviaxHistoryyAxis occupation, 1941-1945. 7aElectronic books.2local2 aebrary, Inc.40uhttp://site.ebrary.com/lib/rucke/Doc?id=10568029zAn electronic book accessible through the World Wide Web; click to view c185260d185260